| 000 | 00827 a2200217 4500 | ||
|---|---|---|---|
| 008 | 080820t xxu||||| |||| 00| 0 eng d | ||
| 010 | _aENG-84909 | ||
| 020 |
_a8122504248 _c350.00 |
||
| 035 | _aEN-68442 | ||
| 037 | _bD.B.Act / Pub | ||
| 082 | _a658.1511 | ||
| 100 | _aRathnam, P. V. | ||
| 245 |
_aManagement accounting and financial analysis _cby P. V. Rathnam and P. Lalitha |
||
| 250 | _a1st ed. | ||
| 260 |
_aNew Delhi _bKitab Mahal _c2007 |
||
| 270 |
_a28, Netaji Subhash Marg _bDelhi _cNew Delhi _e110002 _k23273230 |
||
| 300 |
_a1404 p _c24 cm (Pbk) |
||
| 650 | _aManagement accounting | ||
| 942 |
_adpl _cEN _k658.1511 / RAT _2ddc _h658.1511 _mRAT |
||
| 999 |
_c737 _d737 |
||